|
|
|
|
| LEADER |
00000nam0a2200000 4500 |
| 001 |
359710 |
| 005 |
20231102011220.0 |
| 035 |
|
|
|a (RuTPU)RU\TPU\retro\16990
|
| 090 |
|
|
|a 359710
|
| 100 |
|
|
|a 20201203d1983 m y0rusy50 ca
|
| 101 |
1 |
|
|a rus
|c inc
|
| 102 |
|
|
|a RU
|
| 105 |
|
|
|a y z 001gy
|
| 200 |
1 |
|
|a Из современной малагасийской поэзии
|e сборник
|e пер. с малагас., инд.
|f под ред. Ю. Стефанова
|
| 210 |
|
|
|a Москва
|c Радуга
|d 1983
|
| 215 |
|
|
|a 208 с.
|
| 320 |
|
|
|a Вступительная статья: с. 5-16
|
| 606 |
1 |
|
|a Африканская литература
|2 stltpush
|3 (RuTPU)RU\TPU\subj\29821
|9 53077
|
| 610 |
1 |
|
|a художественная литература
|
| 610 |
1 |
|
|a поэзия
|
| 610 |
1 |
|
|a Мадагаскар
|
| 675 |
|
|
|a 896
|v 4
|
| 702 |
|
1 |
|a Стефанов
|b Ю.
|4 340
|
| 801 |
|
1 |
|a RU
|b 63413507
|c 20201203
|
| 801 |
|
2 |
|a RU
|b 63413507
|c 20210428
|g RCR
|
| 942 |
|
|
|c BK
|